Vizualizácia evolúcie softvéru s XR

Salvato in:
Dettagli Bibliografici
Autore principale: Zalabai, Juraj (Autore)
Altri autori: Graf, Lukáš (Relatore della tesi)
Natura: Manoscritto Libro
Lingua:slovacco
Pubblicazione: 2022
Soggetti:
Accesso online:http://is.stuba.sk/zp/portal_zp.pl?podrobnosti=155217
Tags: Aggiungi Tag
Nessun Tag, puoi essere il primo ad aggiungerne!!

MARC

LEADER 00000ntm a22000003a 4500
001 stuzp88120
003 SK-STU
005 20220625211124.7
007 ta
008 150427s2015----xo-----f-mn---000-0-slo-d
040 |a STU  |b slo 
041 0 |a slo 
100 1 |a Zalabai, Juraj  |u 070400  |4 aut  |U FIIT Fakulta informatiky a informačných technológií  |T FIIT Ústav počítačového inžinierstva a aplikovanej informatiky  |X 103184  |U I400  |Y 672  |7 103184 
242 0 1 |a Visualizatiom of software evolution using XR technologies  |y eng 
245 1 0 |a Vizualizácia evolúcie softvéru s XR 
260 |c 2022 
650 4 |a vizualizácia softvéru  |2 slo 
650 4 |a evolúcia softvéru  |2 slo 
650 4 |a virtuálna realita  |2 slo 
650 4 |a software visualization  |2 eng 
650 4 |a software evolution  |2 eng 
650 4 |a virtual reality  |2 eng 
700 1 |a Graf, Lukáš  |u 070400  |k Z3  |4 ths  |U FIIT Fakulta informatiky a informačných technológií  |T FIIT Ústav počítačového inžinierstva a aplikovanej informatiky  |X 79534  |U I400  |Y 672  |7 79534 
856 4 |u http://is.stuba.sk/zp/portal_zp.pl?podrobnosti=155217